[Event "CB 2019"]
[Site "Roux, Belgium"]
[Date "2019.07.29"]
[Round "4.5"]
[White "Dardha, Daniel"]
[Black "Sterck, Arno"]
[Result "1/2-1/2"]
[WhiteTitle "FM"]
[BlackTitle "FM"]
[WhiteFideId "240990"]
[BlackFideId "228249"]
[WhiteElo "2420"]
[BlackElo "2316"]

1. Nf3 {[%clk 01:30:32]} {[%emt 00:00:27]} d5 {[%clk 01:27:02]} {[%emt
00:04:02]} 2. c4 {[%clk 01:30:22]} {[%emt 00:00:37]} d4 {[%clk 01:27:29]}
{[%emt 00:00:03]} 3. b4 {[%clk 01:30:29]} {[%emt 00:00:23]} f6 {[%clk
01:27:56]} {[%emt 00:00:03]} 4. e3 {[%clk 01:28:56]} {[%emt 00:02:03]} e5
{[%clk 01:28:20]} {[%emt 00:00:06]} 5. c5 {[%clk 01:22:44]} {[%emt 00:07:02]}
a5 {[%clk 01:15:42]} {[%emt 00:12:48]} 6. Qa4+ {[%clk 01:18:41]} {[%emt
00:04:33]} Bd7 {[%clk 01:09:01]} {[%emt 00:07:11]} 7. Qc2 {[%clk 01:08:17]}
{[%emt 00:10:53]} Bc6 {[%clk 01:07:54]} {[%emt 00:01:37]} 8. b5 {[%clk
01:03:37]} {[%emt 00:05:10]} Bxf3 {[%clk 01:07:47]} {[%emt 00:00:38]} 9. gxf3
{[%clk 01:04:03]} {[%emt 00:00:04]} Qd5 {[%clk 01:06:24]} {[%emt 00:03:27]} 10.
Bd3 {[%clk 00:54:01]} {[%emt 00:08:56]} Qxc5 {[%clk 00:59:39]} {[%emt
00:07:17]} 11. Bb2 {[%clk 00:52:41]} {[%emt 00:01:49]} dxe3 {[%clk 00:57:08]}
{[%emt 00:03:00]} 12. fxe3 {[%clk 00:47:30]} {[%emt 00:05:41]} Qxc2 {[%clk
00:57:26]} {[%emt 00:00:14]} 13. Bxc2 {[%clk 00:47:55]} {[%emt 00:00:04]} Nd7
{[%clk 00:57:49]} {[%emt 00:00:07]} 14. Nc3 {[%clk 00:47:15]} {[%emt 00:01:10]}
Nb6 {[%clk 00:54:53]} {[%emt 00:03:27]} 15. Rc1 {[%clk 00:41:48]} {[%emt
00:05:56]} O-O-O {[%clk 00:46:14]} {[%emt 00:09:09]} 16. Bb3 {[%clk 00:42:03]}
{[%emt 00:00:16]} Bb4 {[%clk 00:45:18]} {[%emt 00:01:25]} 17. a3 {[%clk
00:41:38]} {[%emt 00:00:56]} Bxc3 {[%clk 00:45:21]} {[%emt 00:00:28]} 18. Rxc3
{[%clk 00:34:45]} {[%emt 00:07:23]} a4 {[%clk 00:44:19]} {[%emt 00:01:32]} 19.
Ba2 {[%clk 00:33:38]} {[%emt 00:01:37]} Ne7 {[%clk 00:43:43]} {[%emt 00:01:05]}
20. Ke2 {[%clk 00:33:28]} {[%emt 00:00:40]} Ned5 {[%clk 00:43:47]} {[%emt
00:00:26]} 21. Rc5 {[%clk 00:29:29]} {[%emt 00:04:29]} Rd7 {[%clk 00:38:09]}
{[%emt 00:06:09]} 22. Bb1 {[%clk 00:26:46]} {[%emt 00:03:13]} Kb8 {[%clk
00:37:58]} {[%emt 00:00:40]} 23. Rd1 {[%clk 00:23:42]} {[%emt 00:03:34]} Re8
{[%clk 00:29:32]} {[%emt 00:08:56]} 24. h4 {[%clk 00:22:59]} {[%emt 00:01:13]}
g6 {[%clk 00:29:12]} {[%emt 00:00:50]} 25. Kf2 {[%clk 00:22:03]} {[%emt
00:01:26]} Red8 {[%clk 00:28:48]} {[%emt 00:00:54]} 26. d4 {[%clk 00:21:31]}
{[%emt 00:01:02]} exd4 {[%clk 00:27:39]} {[%emt 00:01:39]} 27. Rxd4 {[%clk
00:21:34]} {[%emt 00:00:27]} f5 {[%clk 00:23:15]} {[%emt 00:04:55]} 28. Rc1
{[%clk 00:21:05]} {[%emt 00:00:58]} Re8 {[%clk 00:19:53]} {[%emt 00:03:52]} 29.
Rd3 {[%clk 00:20:14]} {[%emt 00:01:22]} Red8 {[%clk 00:13:45]} {[%emt
00:06:38]} 30. Be5 {[%clk 00:20:01]} {[%emt 00:00:42]} Re8 {[%clk 00:12:45]}
{[%emt 00:01:31]} 31. Bb2 {[%clk 00:19:10]} {[%emt 00:01:21]} Red8 {[%clk
00:12:30]} {[%emt 00:00:45]} 32. Be5 {[%clk 00:19:30]} {[%emt 00:00:09]} Re8
{[%clk 00:10:07]} {[%emt 00:02:53]} 1/2-1/2

[Event "CB 2019"]
[Site "Roux, Belgium"]
[Date "2019.07.29"]
[Round "4.2"]
[White "Ringoir, Tanguy"]
[Black "Real, Thibault"]
[Result "1/2-1/2"]
[WhiteTitle "GM"]
[BlackFideId "205559"]
[WhiteElo "2503"]
[BlackElo "2262"]

1. d4 {[%clk 01:27:48]} {[%emt 00:04:12]} Nf6 {[%clk 01:30:54]} 2. c4 {[%clk
01:28:14]} e6 {[%clk 01:31:20]} 3. g3 {[%clk 01:28:39]} d5 {[%clk 01:31:38]}
{[%emt 00:00:01]} 4. Nf3 {[%clk 01:29:04]} dxc4 {[%clk 01:32:04]} 5. Bg2 {[%clk
01:29:30]} Nc6 {[%clk 01:32:30]} 6. Qa4 {[%clk 01:29:16]} {[%emt 00:00:26]}
Bb4+ {[%clk 01:32:53]} {[%emt 00:00:06]} 7. Bd2 {[%clk 01:29:15]} {[%emt
00:00:31]} Nd5 {[%clk 01:33:18]} {[%emt 00:00:05]} 8. Qb5 {[%clk 01:28:58]}
{[%emt 00:00:48]} Bxd2+ {[%clk 01:33:40]} {[%emt 00:00:08]} 9. Nbxd2 {[%clk
01:29:21]} {[%emt 00:00:06]} c3 {[%clk 01:34:06]} {[%emt 00:00:04]} 10. bxc3
{[%clk 01:29:46]} {[%emt 00:00:05]} Nxc3 {[%clk 01:34:31]} {[%emt 00:00:05]} 11.
Qd3 {[%clk 01:30:11]} {[%emt 00:00:05]} Nd5 {[%clk 01:34:55]} {[%emt 00:00:06]}
12. O-O {[%clk 01:30:36]} {[%emt 00:00:05]} O-O {[%clk 01:35:21]} {[%emt
00:00:04]} 13. Rfc1 {[%clk 01:22:21]} {[%emt 00:08:46]} Rb8 {[%clk 01:35:33]}
{[%emt 00:00:18]} 14. Nf1 {[%clk 01:16:03]} {[%emt 00:06:47]} Qe7 {[%clk
01:16:25]} {[%emt 00:19:38]} 15. e4 {[%clk 01:16:03]} {[%emt 00:00:31]} Nb6
{[%clk 01:16:41]} {[%emt 00:00:13]} 16. Rab1 {[%clk 01:03:18]} {[%emt
00:13:16]} Rd8 {[%clk 01:15:27]} {[%emt 00:04:28]} 17. Qc3 {[%clk 01:03:47]}
Bd7 {[%clk 01:12:47]} {[%emt 00:00:27]} 18. Ne3 {[%clk 01:04:12]} {[%emt
00:00:05]} Be8 {[%clk 01:06:19]} {[%emt 00:06:58]} 19. Rd1 {[%clk 01:04:38]}
{[%emt 00:00:04]} Na4 {[%clk 00:46:51]} {[%emt 00:19:57]} 20. Qe1 {[%clk
00:45:29]} {[%emt 00:19:40]} b6 {[%clk 00:37:53]} {[%emt 00:09:28]} 21. d5
{[%emt 00:32:47]} 1/2-1/2

[Event "CB 2019"]
[Site "Roux, Belgium"]
[Date "2019.07.29"]
[Round "4.3"]
[White "Dgebuadze, Alexandre"]
[Black "Hovhannisyan, Mher"]
[Result "1/2-1/2"]
[WhiteTitle "GM"]
[BlackTitle "GM"]
[WhiteFideId "203882"]
[BlackFideId "13300865"]
[WhiteElo "2495"]
[BlackElo "2444"]

1. e4 {[%clk 01:30:20]} {[%emt 00:00:39]} e6 {[%clk 01:30:25]} {[%emt
00:00:35]} 2. d4 {[%clk 01:30:38]} {[%emt 00:00:12]} d5 {[%clk 01:30:46]}
{[%emt 00:00:09]} 3. exd5 {[%clk 01:25:56]} {[%emt 00:05:11]} exd5 {[%clk
01:31:05]} {[%emt 00:00:12]} 4. Nf3 {[%clk 01:26:20]} {[%emt 00:00:06]} Nf6
{[%clk 01:29:08]} {[%emt 00:02:27]} 5. Bd3 {[%clk 01:22:47]} {[%emt 00:05:01]}
Be7 {[%clk 01:27:52]} {[%emt 00:00:48]} 6. O-O {[%clk 01:20:17]} {[%emt
00:03:01]} O-O {[%clk 01:25:32]} {[%emt 00:04:07]} 7. Nbd2 {[%clk 01:16:54]}
{[%emt 00:02:35]} Bg4 {[%clk 01:23:14]} {[%emt 00:02:48]} 8. c3 {[%clk
01:12:30]} {[%emt 00:04:54]} c6 {[%clk 01:16:52]} {[%emt 00:06:52]} 9. Re1
{[%clk 01:08:00]} {[%emt 00:05:00]} Nbd7 {[%clk 01:12:12]} {[%emt 00:05:10]} 10.
Nf1 {[%clk 01:06:34]} {[%emt 00:01:56]} Re8 {[%clk 01:06:40]} {[%emt 00:06:02]}
11. h3 {[%clk 01:06:26]} {[%emt 00:03:13]} Bh5 {[%clk 01:05:36]} 12. Ng3 {[%clk
01:04:21]} {[%emt 00:01:33]} Bg6 {[%clk 01:05:46]} {[%emt 00:00:20]} 13. Bxg6
{[%clk 01:03:36]} {[%emt 00:01:15]} hxg6 {[%clk 01:05:55]} {[%emt 00:00:21]} 14.
Bf4 {[%clk 01:03:48]} {[%emt 00:00:17]} Nf8 {[%clk 01:05:22]} {[%emt 00:01:03]}
15. Qc2 {[%clk 01:00:54]} {[%emt 00:03:23]} Bd6 {[%clk 01:03:35]} {[%emt
00:02:18]} 16. Rxe8 {[%clk 01:01:01]} {[%emt 00:00:22]} Nxe8 {[%clk 01:03:58]}
{[%emt 00:00:07]} 17. Bxd6 {[%clk 01:01:27]} {[%emt 00:00:04]} Qxd6 {[%clk
01:04:07]} {[%emt 00:00:22]} 18. Re1 {[%clk 01:01:40]} {[%emt 00:00:17]} Nf6
{[%clk 01:03:53]} {[%emt 00:00:45]} 19. Qb3 {[%clk 01:01:03]} {[%emt 00:01:06]}
b6 {[%clk 01:02:24]} {[%emt 00:01:59]} 20. Qd1 {[%clk 01:01:08]} {[%emt
00:00:25]} Ne6 {[%clk 01:01:09]} {[%emt 00:01:45]} 21. Nf1 {[%clk 00:59:32]}
{[%emt 00:02:06]} 1/2-1/2

[ePGN "0.1;DGT LiveChess/2.2.4"]

[Event "CB 2019"]
[Site "Roux, Belgium"]
[Date "2019.07.31"]
[Round "6.2"]
[White "Dgebuadze, Alexandre"]
[Black "Van Der Stricht, Geert"]
[Result "1/2-1/2"]
[WhiteTitle "GM"]
[BlackTitle "IM"]
[WhiteFideId "203882"]
[BlackFideId "201324"]
[WhiteElo "2495"]
[BlackElo "2374"]

1. e4 {[%clk 01:30:26]} {[%emt 00:00:32]} c5 {[%clk 01:30:41]} {[%emt
00:00:18]} 2. Nf3 {[%clk 01:30:45]} {[%emt 00:00:12]} d6 {[%clk 01:31:01]}
{[%emt 00:00:08]} 3. d4 {[%clk 01:31:11]} {[%emt 00:00:05]} cxd4 {[%clk
01:31:07]} {[%emt 00:00:22]} 4. Nxd4 {[%clk 01:31:30]} {[%emt 00:00:13]} Nf6
{[%clk 01:31:14]} {[%emt 00:00:23]} 5. Nc3 {[%clk 01:31:52]} {[%emt 00:00:09]}
a6 {[%clk 01:31:36]} {[%emt 00:00:08]} 6. f4 {[%clk 01:32:12]} {[%emt
00:00:11]} e5 {[%clk 01:29:29]} {[%emt 00:02:36]} 7. Nf3 {[%clk 01:32:25]}
{[%emt 00:00:17]} Nbd7 {[%clk 01:29:00]} {[%emt 00:01:00]} 8. a4 {[%clk
01:32:39]} {[%emt 00:00:17]} Qc7 {[%clk 01:22:58]} {[%emt 00:06:32]} 9. Bd3
{[%clk 01:32:16]} {[%emt 00:00:53]} Be7 {[%clk 01:22:51]} {[%emt 00:00:36]} 10.
O-O {[%clk 01:32:32]} {[%emt 00:00:14]} O-O {[%clk 01:16:09]} {[%emt 00:07:13]}
11. Kh1 {[%clk 01:28:45]} {[%emt 00:04:17]} exf4 12. Bxf4 {[%clk 01:24:40]} Ne5
{[%clk 01:08:54]} 13. Nxe5 {[%clk 01:12:00]} {[%emt 00:09:59]} dxe5 {[%clk
01:08:33]} {[%emt 00:00:51]} 14. Bg5 {[%clk 01:12:19]} {[%emt 00:00:11]} Be6
{[%clk 01:08:03]} {[%emt 00:00:59]} 15. Qe1 {[%clk 01:02:05]} {[%emt 00:10:44]}
Nh5 {[%clk 01:00:23]} {[%emt 00:08:09]} 16. Bd2 {[%clk 00:53:19]} {[%emt
00:43:05]} g6 {[%clk 00:54:21]} 17. a5 {[%clk 00:45:43]} Rad8 {[%clk 00:47:59]}
18. Bh6 {[%clk 00:44:27]} Rfe8 {[%clk 00:45:00]} 19. Ra4 {[%clk 00:43:02]} Bf8
{[%clk 00:37:46]} {[%emt 00:02:36]} 20. Be3 {[%clk 00:38:22]} {[%emt 00:05:09]}
1/2-1/2

[Event "CB 2019"]
[Site "Roux, Belgium"]
[Date "2019.07.31"]
[Round "6.5"]
[White "Sterck, Arno"]
[Black "Lenaerts, Lennert"]
[Result "1-0"]
[WhiteTitle "FM"]
[BlackTitle "FM"]
[WhiteFideId "228249"]
[WhiteElo "2316"]
[BlackElo "2355"]

1. d4 {[%clk 01:27:28]} {[%emt 00:03:32]} d5 {[%clk 01:30:55]} {[%emt
00:00:05]} 2. c4 {[%clk 01:27:53]} {[%emt 00:00:05]} c6 {[%clk 01:31:22]}
{[%emt 00:00:03]} 3. Nf3 {[%clk 01:28:20]} {[%emt 00:00:03]} Nf6 {[%clk
01:31:45]} {[%emt 00:00:06]} 4. e3 {[%clk 01:28:47]} {[%emt 00:00:02]} Bg4
{[%clk 01:31:54]} {[%emt 00:00:21]} 5. h3 {[%clk 01:29:13]} {[%emt 00:00:04]}
Bh5 {[%clk 01:32:04]} {[%emt 00:00:19]} 6. g4 {[%clk 01:29:38]} {[%emt
00:00:05]} Bg6 {[%clk 01:32:29]} {[%emt 00:00:05]} 7. Ne5 {[%clk 01:29:53]}
{[%emt 00:00:16]} Nbd7 {[%clk 01:32:01]} {[%emt 00:00:57]} 8. Nxg6 {[%clk
01:30:15]} {[%emt 00:00:08]} hxg6 {[%clk 01:32:26]} {[%emt 00:00:05]} 9. Qb3
{[%clk 01:30:19]} {[%emt 00:00:27]} e6 {[%clk 01:23:41]} {[%emt 00:09:15]} 10.
Qxb7 {[%clk 01:19:34]} {[%emt 00:11:16]} Rb8 {[%clk 01:23:55]} {[%emt
00:00:15]} 11. Qxc6 {[%clk 01:19:15]} {[%emt 00:00:49]} Bb4+ {[%clk 01:24:19]}
{[%emt 00:00:06]} 12. Ke2 {[%clk 01:13:02]} {[%emt 00:13:00]} O-O {[%clk
01:11:31]} {[%emt 00:07:01]} 13. a3 {[%clk 01:08:07]} {[%emt 00:05:25]} Qa5
{[%clk 01:10:42]} {[%emt 00:01:19]} 14. b3 {[%clk 01:03:59]} {[%emt 00:04:38]}
Bc3 {[%clk 01:03:54]} {[%emt 00:07:17]} 15. Bd2 {[%clk 00:59:45]} {[%emt
00:04:44]} Bxd2 {[%clk 01:04:16]} {[%emt 00:00:08]} 16. Nxd2 {[%clk 01:00:07]}
{[%emt 00:00:08]} Rfc8 {[%clk 01:04:37]} {[%emt 00:00:08]} 17. b4 {[%clk
00:57:22]} {[%emt 00:03:16]} Qd8 {[%clk 00:35:42]} {[%emt 00:39:53]} 18. Qa6
{[%clk 00:55:35]} dxc4 {[%clk 00:36:05]} 19. Bg2 {[%clk 00:46:32]} {[%emt
00:01:29]} e5 {[%clk 00:32:29]} {[%emt 00:04:06]} 20. Nxc4 {[%clk 00:37:38]}
{[%emt 00:09:25]} exd4 {[%clk 00:31:27]} {[%emt 00:01:31]} 21. Rhd1 {[%clk
00:37:10]} {[%emt 00:00:58]} dxe3 {[%clk 00:31:20]} {[%emt 00:00:37]} 22. Nxe3
{[%clk 00:37:28]} {[%emt 00:00:12]} Qe8 {[%clk 00:29:25]} {[%emt 00:02:25]} 23.
Kf1 {[%clk 00:36:02]} {[%emt 00:01:55]} Rc7 {[%clk 00:26:14]} {[%emt 00:03:42]}
24. Re1 {[%clk 00:30:11]} {[%emt 00:06:21]} Ne5 {[%clk 00:23:04]} {[%emt
00:03:40]} 25. g5 {[%clk 00:22:17]} {[%emt 00:08:24]} Nfd7 {[%clk 00:23:06]}
{[%emt 00:00:28]} 26. Nd5 {[%clk 00:22:15]} {[%emt 00:00:33]} Rc2 {[%clk
00:23:31]} {[%emt 00:00:04]} 27. Qd6 {[%clk 00:17:29]} {[%emt 00:05:16]} Qe6
{[%clk 00:21:57]} {[%emt 00:02:05]} 28. Ne7+ {[%clk 00:15:25]} {[%emt
00:02:34]} Kh7 {[%clk 00:21:33]} {[%emt 00:02:24]} 29. Qxe6 {[%clk 00:12:37]}
{[%emt 00:01:47]} fxe6 {[%clk 00:22:01]} {[%emt 00:00:02]} 30. Re4 {[%clk
00:12:56]} {[%emt 00:00:11]} Rc4 {[%clk 00:22:27]} {[%emt 00:00:04]} 31. Rae1
{[%clk 00:12:07]} {[%emt 00:01:19]} Re8 {[%clk 00:22:53]} {[%emt 00:00:05]} 32.
Rxc4 {[%clk 00:12:31]} {[%emt 00:00:06]} Nxc4 {[%clk 00:23:19]} {[%emt
00:00:03]} 33. Rxe6 {[%clk 00:12:05]} {[%emt 00:00:56]} Nce5 {[%clk 00:23:47]}
{[%emt 00:00:02]} 34. Be4 {[%clk 00:11:29]} {[%emt 00:01:06]} 1-0

[Event "CB 2019"]
[Site "Roux, Belgium"]
[Date "2019.07.31"]
[Round "6.4"]
[White "Dardha, Daniel"]
[Black "Hovhannisyan, Mher"]
[Result "0-1"]
[WhiteTitle "FM"]
[BlackTitle "GM"]
[WhiteFideId "240990"]
[BlackFideId "13300865"]
[WhiteElo "2420"]
[BlackElo "2444"]

1. Nf3 {[%clk 01:30:49]} {[%emt 00:00:10]} Nf6 {[%clk 01:30:41]} {[%emt
00:00:20]} 2. g3 {[%clk 01:30:46]} {[%emt 00:00:33]} g6 {[%clk 01:29:24]}
{[%emt 00:01:47]} 3. Bg2 {[%clk 01:26:01]} {[%emt 00:05:15]} Bg7 {[%clk
01:29:20]} {[%emt 00:00:34]} 4. O-O {[%clk 01:26:25]} {[%emt 00:00:06]} O-O
{[%clk 01:29:46]} {[%emt 00:00:04]} 5. d4 {[%clk 01:25:52]} {[%emt 00:01:02]}
d6 {[%clk 01:29:18]} {[%emt 00:00:59]} 6. b3 {[%clk 01:22:07]} {[%emt
00:04:16]} a5 {[%clk 01:20:01]} {[%emt 00:09:46]} 7. a4 {[%clk 01:20:15]}
{[%emt 00:02:22]} Nc6 {[%clk 01:13:46]} {[%emt 00:14:11]} 8. Bb2 {[%clk
01:19:56]} e5 9. dxe5 {[%clk 01:17:15]} Nd7 {[%clk 01:06:40]} {[%emt 00:04:40]}
10. Qc1 {[%clk 01:15:37]} {[%emt 00:02:08]} Ndxe5 {[%clk 01:02:40]} {[%emt
00:04:31]} 11. Nxe5 {[%clk 01:02:18]} {[%emt 00:13:49]} Nxe5 {[%clk 00:54:23]}
{[%emt 00:08:47]} 12. f4 {[%clk 01:00:54]} {[%emt 00:01:54]} Nd7 {[%clk
00:52:01]} {[%emt 00:02:53]} 13. Bxg7 Kxg7 {[%clk 00:51:43]} 14. Nc3 {[%clk
00:59:50]} Nc5 {[%clk 00:47:14]} 15. e4 {[%clk 00:59:32]} Bd7 {[%clk 00:38:22]}
16. e5 {[%clk 00:52:44]} Bc6 {[%clk 00:32:32]} 17. Rd1 {[%clk 00:49:30]} {[%emt
00:00:05]} Bxg2 {[%clk 00:25:29]} {[%emt 00:07:34]} 18. Kxg2 {[%clk 00:49:51]}
{[%emt 00:00:10]} Qe8 {[%clk 00:25:12]} {[%emt 00:00:47]} 19. exd6 {[%clk
00:47:42]} {[%emt 00:02:38]} Qc6+ {[%clk 00:24:25]} {[%emt 00:01:17]} 20. Kg1
{[%clk 00:48:04]} {[%emt 00:00:08]} cxd6 {[%clk 00:23:20]} {[%emt 00:01:35]} 21.
Qd2 {[%clk 00:44:24]} {[%emt 00:04:10]} Rfe8 {[%clk 00:16:58]} {[%emt
00:06:52]} 22. Qd4+ {[%clk 00:42:41]} {[%emt 00:02:13]} f6 {[%clk 00:17:18]}
{[%emt 00:00:11]} 23. Nd5 {[%clk 00:40:51]} {[%emt 00:02:19]} Nd7 {[%clk
00:13:44]} {[%emt 00:04:04]} 24. Ne3 {[%clk 00:31:00]} {[%emt 00:10:21]} Rad8
{[%clk 00:10:30]} {[%emt 00:03:44]} 25. Kf2 {[%clk 00:21:31]} {[%emt 00:10:02]}
Nc5 {[%clk 00:08:51]} {[%emt 00:02:06]} 26. Re1 {[%clk 00:21:00]} {[%emt
00:01:01]} d5 {[%clk 00:07:54]} {[%emt 00:01:27]} 27. Kg1 {[%clk 00:18:03]}
{[%emt 00:03:27]} Ne6 {[%clk 00:06:07]} {[%emt 00:02:18]} 28. Qd2 {[%clk
00:18:18]} {[%emt 00:00:14]} d4 {[%clk 00:06:30]} {[%emt 00:00:06]} 29. Nc4
{[%clk 00:18:36]} {[%emt 00:00:12]} d3 {[%clk 00:06:49]} {[%emt 00:00:11]} 30.
Qf2 {[%clk 00:04:32]} {[%emt 00:14:57]} dxc2 {[%clk 00:05:59]} {[%emt
00:06:52]} 31. Rac1 {[%clk 00:02:37]} Nd4 {[%clk 00:05:57]} 32. Rxe8 {[%clk
00:03:01]} Qxe8 {[%clk 00:05:13]} 33. Ne3 {[%clk 00:02:54]} {[%emt 00:00:05]}
Qe4 {[%clk 00:05:11]} {[%emt 00:00:02]} 0-1

[Event "CB 2019"]
[Site "Roux, Belgium"]
[Date "2019.07.31"]
[Round "6.1"]
[White "Cools, Gorik"]
[Black "Ringoir, Tanguy"]
[Result "0-1"]
[WhiteTitle "FM"]
[BlackTitle "GM"]
[WhiteFideId "200298"]
[WhiteElo "2280"]
[BlackElo "2503"]

1. e4 {[%clk 01:30:57]} {[%emt 00:00:02]} c6 {[%clk 01:30:56]} {[%emt
00:00:05]} 2. Nc3 {[%clk 01:31:11]} {[%emt 00:00:16]} d5 {[%clk 01:31:20]}
{[%emt 00:00:06]} 3. Nf3 {[%clk 01:31:36]} {[%emt 00:00:05]} Nf6 {[%clk
01:31:45]} {[%emt 00:00:05]} 4. d3 {[%clk 01:31:29]} {[%emt 00:00:37]} g6
{[%clk 01:25:06]} {[%emt 00:07:09]} 5. e5 {[%clk 01:24:57]} {[%emt 00:07:03]}
Nfd7 {[%clk 01:19:17]} {[%emt 00:06:19]} 6. d4 {[%clk 01:17:28]} {[%emt
00:07:59]} f6 {[%clk 01:19:40]} {[%emt 00:00:06]} 7. exf6 {[%clk 01:16:21]}
{[%emt 00:01:37]} exf6 {[%clk 01:18:55]} {[%emt 00:11:09]} 8. Bf4 {[%clk
01:15:47]} Bg7 {[%clk 01:10:28]} {[%emt 00:00:06]} 9. Bd3 {[%clk 00:57:19]}
{[%emt 00:18:58]} O-O {[%clk 01:08:38]} {[%emt 00:02:20]} 10. h4 {[%clk
00:57:15]} {[%emt 00:00:34]} Qe8+ {[%clk 00:57:17]} {[%emt 00:11:52]} 11. Kf1
{[%clk 00:49:09]} {[%emt 00:40:08]} Ne5 {[%clk 00:49:56]} 12. Be2 {[%clk
00:37:45]} Nf7 {[%clk 00:44:49]} 13. Qd2 {[%clk 00:37:14]} Bg4 {[%clk
00:41:36]} 14. Re1 {[%clk 00:35:47]} {[%emt 00:00:31]} Qd7 {[%clk 00:40:49]}
{[%emt 00:01:18]} 15. Nd1 {[%clk 00:16:18]} {[%emt 00:19:59]} Na6 {[%clk
00:38:09]} {[%emt 00:03:11]} 16. Ne3 {[%clk 00:16:29]} {[%emt 00:00:18]} Be6
{[%clk 00:38:34]} {[%emt 00:00:05]} 17. c3 {[%clk 00:15:50]} {[%emt 00:01:09]}
Nd6 {[%clk 00:30:52]} {[%emt 00:08:12]} 18. Bd3 {[%clk 00:07:29]} {[%emt
00:08:51]} Ne4 {[%clk 00:31:16]} {[%emt 00:00:06]} 19. Qc2 {[%clk 00:07:48]}
{[%emt 00:00:11]} Rfe8 {[%clk 00:25:51]} {[%emt 00:05:55]} 20. Ng1 {[%clk
00:04:09]} {[%emt 00:04:09]} c5 {[%clk 00:25:19]} {[%emt 00:01:02]} 21. f3
{[%clk 00:04:19]} {[%emt 00:00:20]} cxd4 {[%clk 00:25:47]} {[%emt 00:00:02]} 22.
fxe4 {[%clk 00:03:06]} {[%emt 00:02:50]} dxe3 {[%clk 00:25:12]} 23. exd5 {[%clk
00:03:25]} {[%emt 00:00:08]} Bxd5 {[%clk 00:23:54]} {[%emt 00:01:47]} 24. h5
{[%clk 00:02:14]} {[%emt 00:01:41]} Nc5 {[%clk 00:23:59]} {[%emt 00:00:26]} 25.
h6 {[%clk 00:01:18]} {[%emt 00:01:27]} Nxd3 {[%clk 00:24:07]} {[%emt 00:00:22]}
0-1

[ePGN "0.1;DGT LiveChess/2.2.4"]